| 000 | 01216pam a2200301 a 4500 | ||
|---|---|---|---|
| 005 | 20260322212017.0 | ||
| 008 | data | ||
| 010 | _a 94009575 | ||
| 020 |
_a0880706341 (alk. paper) : _c{dollar}7.99 |
||
| 020 |
_a9780880706346 (alk. paper) : _c{dollar}7.99 |
||
| 040 |
_aDLC _cDLC _dDLC |
||
| 050 | 0 | 0 |
_aBV4817 _b.M93 1994 |
| 082 | 0 | 0 |
_a242/.72 _220 |
| 092 | _a242.72 Mye 1994 | ||
| 100 | 1 | _aMyers, Ruth. | |
| 245 | 1 | 0 |
_a31 days of praise : _benjoying God anew / _cRuth Myers. |
| 260 |
_aSisters, Or. : _bMultnomah Books, _c1994. |
||
| 300 |
_a160 p. ; _c20 cm. |
||
| 650 | 0 |
_aPraise of God _vPrayers and devotions. |
|
| 650 | 0 | _aDevotional calendars. | |
| 740 | 0 | _aThirty-one days of praise. | |
| 856 | 4 | 2 |
_3Contributor biographical information _uhttp://www.loc.gov/catdir/enhancements/fy0730/94009575-b.html |
| 856 | 4 | 2 |
_3Publisher description _uhttp://www.loc.gov/catdir/enhancements/fy0730/94009575-d.html |
| 906 |
_a7 _bcbc _corignew _d1 _eocip _f19 _gy-gencatlg |
||
| 991 |
_bc-GenColl _hBV4817 _i.M93 1994 _p00059068465 _tCopy 1 _wBOOKS |
||
| 001 | data | ||
| 999 |
_c382 _d382 |
||